书目信息 |
| 题名: |
2002年普通高等学校招生全国统一考试说明(理科)
|
|
| 作者: | ;教育部考试中心 编 | |
| 分册: | ||
| 出版信息: | 北京 高等教育出版社 2002 |
|
| 页数: | 358页 | |
| 开本: | 20cm | |
| 丛书名: | 2002年普通高等学校招生全国统一考试系列用书 | |
| 单 册: | ||
| 中图分类: | G632.479 | |
| 科图分类: | ||
| 主题词: | 教育--各级 | |
| 电子资源: | ||
| ISBN: | 7-04-009551-3 | |
| 000 | 00810nam0 2200217 450 | |
| 001 | 0655926000 | |
| 005 | 20061017163123.84 | |
| 010 | @a7-04-009551-3@dCNY22.00 | |
| 100 | @a20061011d2002 km y0chiy0120 ea | |
| 101 | 0 | @achi |
| 102 | @aCN@b110000 | |
| 200 | 1 | @a2002年普通高等学校招生全国统一考试说明(理科)@A2002 nian pu tong gao deng xue xiao zhao sheng quan guo tong yi kao shi shuo ming(li ke)@f教育部考试中心编@Fjiao yu bu kao shi zhong xin bian |
| 210 | @a北京@c高等教育出版社@d2002 | |
| 215 | @a358页@d20cm | |
| 225 | 2 | @a2002年普通高等学校招生全国统一考试系列用书 |
| 410 | 0 | @12001 @a2002年普通高等学校招生全国统一考试系列用书 |
| 606 | 0 | @a教育@x各级 |
| 690 | @aG632.479@v3 | |
| 711 | 0 | @a教育部考试中心@Ajiao yu bu kao shi zhong xin@4编 |
| 801 | 0 | @aCN@bPFT@c20061017 |
| 905 | @a10447@dG632.479@e118 | |
| 2002年普通高等学校招生全国统一考试说明(理科)/教育部考试中心编.-北京:高等教育出版社,2002 |
| 358页;20cm.-(2002年普通高等学校招生全国统一考试系列用书) |
| ISBN 7-04-009551-3:CNY22.00 |
| ● |
| 相关链接 |
|
|
|
|
正题名:2002年普通高等学校招生全国统一考试说明(理科)
索取号:G632.479/118
 
预约/预借
| 序号 | 登录号 | 条形码 | 馆藏地/架位号 | 状态 | 备注 |
| 1 | 0502461 | 205024613 | 密集书库/ [索取号:G632.479/118] | 在馆 | |
| 2 | 0503857 | 205038573 | 密集书库/ [索取号:G632.479/118] | 在馆 |